| 000 -LEADER |
| fixed length control field |
01466cam a2200277 ab4500 |
| 001 - CONTROL NUMBER |
| control field |
2345369 |
| 003 - CONTROL NUMBER IDENTIFIER |
| control field |
OSt |
| 005 - DATE AND TIME OF LATEST TRANSACTION |
| control field |
20241003080329.0 |
| 008 - FIXED-LENGTH DATA ELEMENTS--GENERAL INFORMATION |
| fixed length control field |
211222t20152009enk jr 000 1 eng d |
| 020 ## - INTERNATIONAL STANDARD BOOK NUMBER |
| International Standard Book Number |
9781406360264 |
| 040 ## - CATALOGING SOURCE |
| Original cataloging agency |
NLE |
| Language of cataloging |
eng |
| Transcribing agency |
NLE |
| Modifying agency |
OCLCO |
| -- |
OCLCF |
| -- |
OCLCA |
| -- |
OCL |
| -- |
CN5O4 |
| -- |
OCLCO |
| -- |
OCL |
| -- |
MAC |
| -- |
OCLCQ |
| -- |
ATMAZ |
| -- |
TCPL |
| -- |
KH8 |
| Description conventions |
aacr2 |
| 042 ## - AUTHENTICATION CODE |
| Authentication code |
nbic |
| 082 ## - DEWEY DECIMAL CLASSIFICATION NUMBER |
| Classification number |
FIC HOR |
| 100 1# - MAIN ENTRY--PERSONAL NAME |
| Personal name |
Horowitz, Anthony, |
| Dates associated with a name |
1955- |
| Relator term |
author. |
| 245 10 - TITLE STATEMENT |
| Title |
Crocodile tears / |
| Statement of responsibility, etc. |
Anthony Horowitz. |
| 260 ## - PUBLICATION, DISTRIBUTION, ETC. |
| Place of publication, distribution, etc. |
London : |
| Name of publisher, distributor, etc. |
Walker Books, |
| Date of publication, distribution, etc. |
2015. |
| 300 ## - PHYSICAL DESCRIPTION |
| Extent |
352 pages ; |
| Dimensions |
20 cm. |
| 490 1# - SERIES STATEMENT |
| Series statement |
Alex Rider ; |
| Volume/sequential designation |
bk 8. |
| 500 ## - GENERAL NOTE |
| General note |
Originally published : 2009. |
| 520 ## - SUMMARY, ETC. |
| Summary, etc. |
A charity broker con artist has raised millions of dollars in donations, only to invest them in a form of genetically modified corn that has the power to release an airborne strain of virus so powerful it can knock out an entire country inone windy day. A catastrophe so far-reaching that it would raise millions of dollars more in charitable donations, all of which would be embezzled by one man. The antidote? Alex Rider, of course, who survives gunfire, explosions, and hand-to-hand combat with mercenaries--just another day in the life of an average kid. |
| 600 10 - SUBJECT ADDED ENTRY--PERSONAL NAME |
| Personal name |
Rider, Alex |
| Titles and other words associated with a name |
(Fictitious character) |
| Form subdivision |
Juvenile fiction. |
| 650 #0 - SUBJECT ADDED ENTRY--TOPICAL TERM |
| Topical term or geographic name entry element |
Genetically modified foods |
| Form subdivision |
Juvenile fiction. |
| 800 1# - SERIES ADDED ENTRY--PERSONAL NAME |
| Personal name |
Horowitz, Anthony, |
| Dates associated with a name |
1955- |
| Title of a work |
Alex Rider adventure ; |
| Volume/sequential designation |
8. |
| 830 #0 - SERIES ADDED ENTRY--UNIFORM TITLE |
| Uniform title |
Alex Rider ; |
| Volume/sequential designation |
bk 8. |
| 942 ## - ADDED ENTRY ELEMENTS (KOHA) |
| Source of classification or shelving scheme |
|
| Koha item type |
Books - Fiction |